000 01164nam a2200277 4500
001 137062
003 ES-MaACL
005 20250930063123.0
007 t|
008 070214m19071909sp r ||||1| spa d
100 1 _aSalas Barbadillo, Alonso Jerónimo de,
_d1581-1635
_9101754
245 1 0 _aObras de Alonso Jerónimo de Salas Barbadillo /
_ccon la vida y obras del autor por don Emilio Cotarelo y Mori.
260 _aMadrid :
_b[s.n.],
_c1907-1909 (
_fTip. de la "Revista de Archivos")
300 _a2 v. ;
_c17 x 10 cm.
490 1 _aColección de escritores castellanos ;
_v128, 139
505 8 _aContiene: I. Corrección de vicios y La sabia Flora Malsabidilla - II. El caballero puntual y Los prodigios del amor.
600 1 4 _aSalas Barbadillo, Alonso Jerónimo de,
_d1581-1635
_9101754
700 1 _aCotarelo y Mori, Emilio,
_d1857-1936
_941168
740 0 2 _aCorrección de vicios.
740 3 2 _aLa sabia Flora Malsabidilla.
740 3 2 _aEl caballero puntual.
740 4 2 _aLos prodigios del amor.
830 1 _aColección de escritores castellanos ;
_v128, 139
_9180741
852 4 _aES-MaACL
_jF-12679-80
999 _c137062
_d137062